[Event "Paulista-chTB"]
[Site "Sao Paulo"]
[Date "2015.03.07"]
[Round "6.2"]
[White "Maia, Luciano Malta"]
[Black "Delgado Ramirez, Neuris"]
[Result "0-1"]
[WhiteElo "2390"]
[BlackElo "2557"]
[PlyCount "70"]
[EventDate "2015.02.28"]
[EventType "team-tourn"]
[EventRounds "7"]
[EventCountry "BRA"]
[SourceTitle "EXT 2017"]
[Source "ChessBase"]
[SourceDate "2016.10.25"]
[SourceVersion "1"]
[SourceVersionDate "2016.10.25"]
[SourceQuality "1"]
[WhiteTeam "Circulo Militar"]
[BlackTeam "Sao Jose CDR-FIP"]
[WhiteTeamCountry "BRA"]
[BlackTeamCountry "BRA"]

1. Nf3 Nf6 2. c4 Nc6 3. d4 e6 4. a3 d6 5. Nc3 g6 6. e4 Bg7 7. Be2 O-O 8. O-O h6
9. h3 Nd7 10. d5 Ne7 11. Be3 e5 12. b4 f5 13. Rc1 Nf6 14. c5 Kh7 15. cxd6 cxd6
16. Qb3 Bd7 17. a4 Rg8 18. Nh2 f4 19. Bd2 h5 20. f3 Bh6 21. Nd1 Rg7 22. Nf2 Bg5
23. Rc2 Bh4 24. Rd1 Ne8 25. Be1 g5 26. Nh1 Ng8 27. Kf1 Nh6 28. Rc4 a6 29. Rc2
Bxe1 30. Rxe1 Nf6 31. Nf2 Qb6 32. a5 Qa7 33. Rc7 Rag8 34. b5 axb5 35. Bxb5
Bxb5+ 0-1

[Event "Paulista-chTB"]
[Site "Sao Paulo"]
[Date "2015.03.08"]
[Round "7.2"]
[White "Delgado Ramirez, Neuris"]
[Black "Sztokbant, Bernardo Vainzoff"]
[Result "1-0"]
[WhiteElo "2557"]
[BlackElo "2214"]
[PlyCount "69"]
[EventDate "2015.02.28"]
[EventType "team-tourn"]
[EventRounds "7"]
[EventCountry "BRA"]
[SourceTitle "EXT 2017"]
[Source "ChessBase"]
[SourceDate "2016.10.25"]
[SourceVersion "1"]
[SourceVersionDate "2016.10.25"]
[SourceQuality "1"]
[WhiteTeam "Sao Jose CDR-FIP"]
[BlackTeam "Hebraica"]
[WhiteTeamCountry "BRA"]
[BlackTeamCountry "BRA"]

1. e4 e5 2. Nf3 Nc6 3. Bb5 a6 4. Ba4 Nf6 5. Bxc6 dxc6 6. d3 Bd6 7. Nbd2 O-O 8.
Nc4 Re8 9. Bg5 h6 10. Bh4 Qe7 11. h3 Qe6 12. Nfd2 Nh7 13. g4 Nf8 14. Bg3 Ng6
15. Qf3 Be7 16. Ne3 Nh4 17. Qe2 g6 18. f3 Bg5 19. Rg1 Qf6 20. O-O-O Be6 21. Kb1
c5 22. Qf2 Rad8 23. Nf5 Bxf5 24. exf5 Bxd2 25. Rxd2 g5 26. Bxh4 gxh4 27. Qxc5
Qd6 28. Qf2 Qd4 29. Qe1 Qf4 30. Re2 Qxf3 31. Re4 Qxh3 32. Qf2 Rd4 33. Re3 Qxg4
34. Rxg4+ Rxg4 35. Re4 1-0

[Event "Asuncion zt 2.5"]
[Site "Asuncion"]
[Date "2015.04.27"]
[Round "1"]
[White "Jodorcovsky Werjivker, Paulo"]
[Black "Delgado Ramirez, Neuris"]
[Result "0-1"]
[WhiteElo "2202"]
[BlackElo "2592"]
[PlyCount "85"]
[EventDate "2015.04.27"]
[EventType "swiss"]
[EventRounds "9"]
[EventCountry "PAR"]
[SourceTitle "CBM 166 Extra"]
[Source "ChessBase"]
[SourceDate "2015.06.18"]
[SourceVersion "1"]
[SourceVersionDate "2015.06.18"]
[SourceQuality "1"]

1. d4 Nf6 2. Nf3 e6 3. e3 b6 4. Bd3 Bb7 5. O-O g6 6. c4 Bg7 7. Nc3 O-O 8. e4 d6
9. Bg5 h6 10. Bd2 c5 11. d5 e5 12. a3 Nh5 13. Qc1 Kh7 14. Ne1 Nd7 15. Be2 Nhf6
16. Nd3 Ba6 17. b3 Ne8 18. Ra2 Qe7 19. Qc2 Nc7 20. a4 f5 21. f3 f4 22. Nb5 Nf6
23. b4 g5 24. bxc5 bxc5 25. Bc3 Ng8 26. Rd1 Ne8 27. Rb2 h5 28. Rdb1 Nh6 29. Na3
Nf6 30. Nb5 Nf7 31. Ba5 Rac8 32. Ne1 g4 33. Rb3 Bh6 34. R1b2 Rg8 35. Kh1 Rg7
36. Qb1 Bg5 37. Na3 Bh4 38. Rb8 Ng5 39. Rxc8 Bxc8 40. Rb8 Qd7 41. Nb5 Bxe1 42.
Qxe1 gxf3 43. gxf3 0-1

[Event "Asuncion zt 2.5"]
[Site "Asuncion"]
[Date "2015.04.28"]
[Round "2"]
[White "Delgado Ramirez, Neuris"]
[Black "Salinas Herrera, Pablo Patricio"]
[Result "1-0"]
[WhiteElo "2592"]
[BlackElo "2440"]
[PlyCount "63"]
[EventDate "2015.04.27"]
[EventType "swiss"]
[EventRounds "9"]
[EventCountry "PAR"]
[SourceTitle "CBM 166 Extra"]
[Source "ChessBase"]
[SourceDate "2015.06.18"]
[SourceVersion "1"]
[SourceVersionDate "2015.06.18"]
[SourceQuality "1"]

1. d4 e6 2. e4 d5 3. Nd2 Be7 4. c3 c5 5. e5 Nc6 6. Bd3 f6 7. Ngf3 fxe5 8. Nxe5
Nxe5 9. dxe5 Nh6 10. Nf3 Nf7 11. O-O Bd7 12. c4 Bc6 13. Qe2 d4 14. Nd2 Qc7 15.
Re1 O-O-O 16. a3 Kb8 17. Rb1 a5 18. Nb3 Qb6 19. Na1 Nh6 20. Bd2 Nf5 21. b4 cxb4
22. axb4 Nh4 23. f3 Rhf8 24. bxa5 Qa7 25. Rf1 Rf7 26. Nc2 Nf5 27. a6 Bc5 28.
axb7 Bxb7 29. Ra1 Ba6 30. Bb4 Bb6 31. c5 Bxd3 32. Qxd3 1-0

[Event "Asuncion zt 2.5"]
[Site "Asuncion"]
[Date "2015.04.28"]
[Round "3"]
[White "Obregon, Carlos Andres"]
[Black "Delgado Ramirez, Neuris"]
[Result "1/2-1/2"]
[WhiteElo "2531"]
[BlackElo "2592"]
[PlyCount "44"]
[EventDate "2015.04.27"]
[EventType "swiss"]
[EventRounds "9"]
[EventCountry "PAR"]
[SourceTitle "CBM 166 Extra"]
[Source "ChessBase"]
[SourceDate "2015.06.18"]
[SourceVersion "1"]
[SourceVersionDate "2015.06.18"]
[SourceQuality "1"]

1. e4 c5 2. Nf3 g6 3. d4 cxd4 4. Nxd4 Bg7 5. c4 Nc6 6. Be3 Nf6 7. Nc3 Ng4 8.
Qxg4 Nxd4 9. Qd1 e5 10. Qd2 O-O 11. Nb5 Qh4 12. Bd3 d5 13. Bg5 Qg4 14. f3 Qd7
15. Nxd4 dxe4 16. Bxe4 exd4 17. O-O Qc7 18. Rac1 Be6 19. Bf4 Qe7 20. c5 Rfd8
21. Rfe1 Rac8 22. b4 Qd7 1/2-1/2

[Event "Asuncion zt 2.5"]
[Site "Asuncion"]
[Date "2015.04.29"]
[Round "4"]
[White "Delgado Ramirez, Neuris"]
[Black "Bachmann, Axel"]
[Result "1/2-1/2"]
[WhiteElo "2592"]
[BlackElo "2614"]
[PlyCount "100"]
[EventDate "2015.04.27"]
[EventType "swiss"]
[EventRounds "9"]
[EventCountry "PAR"]
[SourceTitle "CBM 166 Extra"]
[Source "ChessBase"]
[SourceDate "2015.06.18"]
[SourceVersion "1"]
[SourceVersionDate "2015.06.18"]
[SourceQuality "1"]

1. e4 e5 2. Nf3 Nc6 3. Bb5 a6 4. Ba4 Nf6 5. Bxc6 dxc6 6. d3 Bd6 7. Nbd2 Nd7 8.
Nc4 c5 9. O-O O-O 10. Nfd2 b5 11. Ne3 Re8 12. a4 c6 13. Nf5 Bf8 14. Nb3 g6 15.
Ne3 Bd6 16. axb5 cxb5 17. c4 Nb6 18. Qc2 Be6 19. Bd2 Na4 20. Nc1 Bf8 21. Ne2
Nb6 22. Ba5 Qd6 23. Bxb6 Qxb6 24. Nc3 Reb8 25. Ncd5 Qd8 26. b3 b4 27. Nd1 a5
28. Nb2 f5 29. Na4 f4 30. f3 Ra6 31. Qf2 Rc6 32. g3 g5 33. Kh1 Rb7 34. Rg1 Kh8
35. Ra2 Rf7 36. gxf4 exf4 37. d4 cxd4 38. Qxd4+ Bg7 39. e5 Rf5 40. Re1 g4 41.
fxg4 Qh4 42. Rf2 Bxd5+ 43. cxd5 Rxe5 44. Ref1 Qd8 45. Rxf4 Qxd5+ 46. Qxd5 Rxd5
47. Rf5 Re5 48. Rxe5 Bxe5 49. Rf5 Bc7 50. h4 Kg7 1/2-1/2

[Event "Asuncion zt 2.5"]
[Site "Asuncion"]
[Date "2015.04.30"]
[Round "5"]
[White "Rodriguez Vila, Andres"]
[Black "Delgado Ramirez, Neuris"]
[Result "1/2-1/2"]
[WhiteElo "2492"]
[BlackElo "2592"]
[PlyCount "97"]
[EventDate "2015.04.27"]
[EventType "swiss"]
[EventRounds "9"]
[EventCountry "PAR"]
[SourceTitle "CBM 166 Extra"]
[Source "ChessBase"]
[SourceDate "2015.06.18"]
[SourceVersion "1"]
[SourceVersionDate "2015.06.18"]
[SourceQuality "1"]

1. e4 c5 2. Nf3 d6 3. d4 cxd4 4. Nxd4 Nf6 5. Nc3 a6 6. Be2 e5 7. Nf3 Be6 8. Ng5
Be7 9. Nxe6 fxe6 10. Bh5+ Kf8 11. O-O Nbd7 12. Bg4 Kf7 13. Bh3 Re8 14. f4 exf4
15. Bxf4 Bf8 16. Kh1 Qb6 17. Nd5 Qc6 18. Bg5 exd5 19. exd5 Qc7 20. Be6+ Rxe6
21. dxe6+ Kxe6 22. Qd3 Be7 23. Qb3+ d5 24. Rae1+ Kf7 25. Qxd5+ Kf8 26. Qe4 Qc5
27. Qxb7 Re8 28. Qxd7 Qxg5 29. Qd3 Qb5 30. Qxh7 Qxb2 31. a4 Qd4 32. Re4 Qd5 33.
a5 Qd7 34. h3 Bd8 35. Rg4 Qf7 36. Qd3 Qe6 37. Rd4 Bc7 38. Rd7 Qe5 39. g3 Qxg3
40. Qxg3 Bxg3 41. Ra7 Re2 42. Rxa6 Rxc2 43. Ra8+ Kf7 44. a6 Ra2 45. Rf5 Kg6 46.
Rf3 Ne4 47. a7 Ra1+ 48. Kg2 Ra2+ 49. Kh1 1/2-1/2

[Event "Asuncion zt 2.5"]
[Site "Asuncion"]
[Date "2015.04.30"]
[Round "6"]
[White "Delgado Ramirez, Neuris"]
[Black "Henriquez Villagra, Cristobal"]
[Result "1/2-1/2"]
[WhiteElo "2592"]
[BlackElo "2474"]
[PlyCount "74"]
[EventDate "2015.04.27"]
[EventType "swiss"]
[EventRounds "9"]
[EventCountry "PAR"]
[SourceTitle "CBM 166 Extra"]
[Source "ChessBase"]
[SourceDate "2015.06.18"]
[SourceVersion "1"]
[SourceVersionDate "2015.06.18"]
[SourceQuality "1"]

1. e4 c5 2. Nf3 Nc6 3. Bb5 d6 4. O-O Bd7 5. Re1 Nf6 6. h3 Ne5 7. Bf1 Nxf3+ 8.
Qxf3 e5 9. a4 Be7 10. Bc4 O-O 11. d3 Ne8 12. Nc3 Nc7 13. Nd5 Nxd5 14. Bxd5 Rb8
15. c3 Bg5 16. b4 b6 17. a5 Bxc1 18. Rexc1 b5 19. Qe3 Qe7 20. c4 Rfc8 21. bxc5
Rxc5 22. cxb5 Bxb5 23. Rxc5 dxc5 24. f4 exf4 25. Qxf4 Rd8 26. Qg3 Kh8 27. Rf1
f6 28. Rc1 a6 29. Qf2 Bxd3 30. Qxc5 Qxc5+ 31. Rxc5 g6 32. Kf2 Re8 33. Ke3 Bxe4
34. Bxe4 f5 35. Rc4 Kg7 36. Kd3 Rd8+ 37. Ke3 Re8 1/2-1/2

[Event "Asuncion zt 2.5"]
[Site "Asuncion"]
[Date "2015.05.01"]
[Round "7"]
[White "Roselli Mailhe, Bernardo"]
[Black "Delgado Ramirez, Neuris"]
[Result "0-1"]
[WhiteElo "2417"]
[BlackElo "2592"]
[PlyCount "90"]
[EventDate "2015.04.27"]
[EventType "swiss"]
[EventRounds "9"]
[EventCountry "PAR"]
[SourceTitle "CBM 166 Extra"]
[Source "ChessBase"]
[SourceDate "2015.06.18"]
[SourceVersion "1"]
[SourceVersionDate "2015.06.18"]
[SourceQuality "1"]

1. d4 Nf6 2. c4 e6 3. Nf3 b6 4. Nc3 Bb4 5. Qb3 c5 6. Bg5 h6 7. Bh4 g5 8. Bg3
Ne4 9. e3 Bb7 10. Bd3 Bxc3+ 11. bxc3 Nxg3 12. hxg3 Nc6 13. Qc2 Qe7 14. Qe2
O-O-O 15. g4 Na5 16. e4 Qf6 17. Qe3 d6 18. Nd2 Nc6 19. Nb3 e5 20. d5 Ne7 21.
Nd2 Kc7 22. Nf1 Bc8 23. Be2 Ng6 24. g3 Ne7 25. Bf3 Qg6 26. Qe2 Ng8 27. Ne3 Nf6
28. Qc2 Bd7 29. O-O-O Rh7 30. Rh2 Rdh8 31. Rdh1 Qg8 32. Be2 Qc8 33. f3 h5 34.
gxh5 Rxh5 35. Bd3 Qg8 36. Rxh5 Nxh5 37. Qg2 Nf6 38. g4 Rh4 39. Kd2 Nh7 40. Nf1
Nf8 41. Ng3 Ng6 42. Nh5 Qh8 43. Rh3 Qc8 44. Bc2 Qa6 45. Bb3 Qa3 0-1

[Event "Asuncion zt 2.5"]
[Site "Asuncion"]
[Date "2015.05.02"]
[Round "8"]
[White "Delgado Ramirez, Neuris"]
[Black "Mareco, Sandro"]
[Result "1/2-1/2"]
[WhiteElo "2592"]
[BlackElo "2598"]
[PlyCount "60"]
[EventDate "2015.04.27"]
[EventType "swiss"]
[EventRounds "9"]
[EventCountry "PAR"]
[SourceTitle "CBM 166 Extra"]
[Source "ChessBase"]
[SourceDate "2015.06.18"]
[SourceVersion "1"]
[SourceVersionDate "2015.06.18"]
[SourceQuality "1"]

1. e4 c5 2. Nc3 a6 3. Nge2 Nf6 4. g3 d6 5. Bg2 e6 6. d3 Nc6 7. h3 Be7 8. g4 Nd7
9. Ng3 b5 10. O-O b4 11. Nce2 a5 12. f4 g6 13. Be3 Ba6 14. b3 Qb6 15. Qd2 h5
16. g5 Nd4 17. h4 Bb7 18. f5 e5 19. f6 Bd8 20. c3 Nb5 21. Bh3 Bc6 22. Rfc1 Qa7
23. Qd1 Bb6 24. c4 Nd4 25. a3 Qb7 26. Bxd4 cxd4 27. axb4 axb4 28. Rxa8+ Qxa8
29. Ra1 Qb8 30. Qd2 Nc5 1/2-1/2

[Event "Asuncion zt 2.5"]
[Site "Asuncion"]
[Date "2015.05.03"]
[Round "9"]
[White "Perez Ponsa, Federico"]
[Black "Delgado Ramirez, Neuris"]
[Result "1-0"]
[WhiteElo "2540"]
[BlackElo "2592"]
[PlyCount "73"]
[EventDate "2015.04.27"]
[EventType "swiss"]
[EventRounds "9"]
[EventCountry "PAR"]
[SourceTitle "CBM 166 Extra"]
[Source "ChessBase"]
[SourceDate "2015.06.18"]
[SourceVersion "1"]
[SourceVersionDate "2015.06.18"]
[SourceQuality "1"]

1. e4 e6 2. d4 d5 3. Nc3 h6 4. Bd3 Nf6 5. e5 Nfd7 6. Nce2 c5 7. c3 Nc6 8. Nf3
Nb6 9. O-O Bd7 10. Be3 cxd4 11. Nexd4 Be7 12. Qe2 Qc7 13. Nb5 Qd8 14. Rad1 a6
15. Nd6+ Bxd6 16. exd6 O-O 17. Bf4 Re8 18. Bb1 Nc4 19. Bg3 Qb6 20. b3 Na3 21.
Bd3 Nb5 22. Ne5 Qd8 23. Nxf7 Kxf7 24. Qh5+ Kg8 25. Bh4 Qb8 26. Qg6 Ne5 27. Qh7+
Kf8 28. Be2 Nf7 29. Bh5 Nbxd6 30. Rd3 e5 31. Rg3 g5 32. Rf3 Be6 33. Bg3 g4 34.
Rf6 Ke7 35. Bxe5 Rh8 36. Qg6 Qc8 37. Re1 1-0

[Event "Brasilia Centro Oeste-ch"]
[Site "Brasilia"]
[Date "2015.05.15"]
[Round "1"]
[White "Delgado Ramirez, Neuris"]
[Black "De Queiroz, Glauber Pimentel"]
[Result "1-0"]
[WhiteElo "2592"]
[BlackElo "1820"]
[PlyCount "71"]
[EventDate "2015.05.15"]
[EventType "swiss"]
[EventRounds "6"]
[EventCountry "BRA"]
[SourceTitle "CBM 166 Extra"]
[Source "ChessBase"]
[SourceDate "2015.06.18"]
[SourceVersion "1"]
[SourceVersionDate "2015.06.18"]
[SourceQuality "1"]

1. e4 c5 2. Nf3 d6 3. d4 cxd4 4. Nxd4 Nf6 5. Nc3 a6 6. Rg1 h5 7. Bg5 e5 8. Nf5
Bxf5 9. exf5 Be7 10. Bc4 Nbd7 11. Bb3 Nc5 12. Qe2 Qd7 13. Bxf6 Bxf6 14. Nd5 Rd8
15. O-O-O Qxf5 16. Kb1 Nxb3 17. axb3 h4 18. f4 Kf8 19. Rgf1 e4 20. g4 hxg3 21.
hxg3 Re8 22. g4 Qd7 23. g5 Bd8 24. Rh1 Rg8 25. Rh4 f5 26. Rdh1 Qe6 27. c4 g6
28. Qe3 Rg7 29. Qd4 Kf7 30. Rh8 Reg8 31. R1h7 e3 32. Rxg7+ Rxg7 33. Nc3 Bc7 34.
Ka2 Ba5 35. Nd5 Be1 36. Rb8 1-0

[Event "Brasilia Centro Oeste-ch"]
[Site "Brasilia"]
[Date "2015.05.15"]
[Round "2"]
[White "Garcia, Gabriel Gonzaga"]
[Black "Delgado Ramirez, Neuris"]
[Result "0-1"]
[WhiteElo "2089"]
[BlackElo "2592"]
[PlyCount "58"]
[EventDate "2015.05.15"]
[EventType "swiss"]
[EventRounds "6"]
[EventCountry "BRA"]
[SourceTitle "CBM 166 Extra"]
[Source "ChessBase"]
[SourceDate "2015.06.18"]
[SourceVersion "1"]
[SourceVersionDate "2015.06.18"]
[SourceQuality "1"]

1. e4 c5 2. Nf3 d6 3. d4 cxd4 4. Nxd4 Nf6 5. Nc3 a6 6. Bg5 Nbd7 7. Qf3 Qa5 8.
Bxf6 Nxf6 9. Be2 g6 10. Nb3 Qc7 11. O-O Bg7 12. a4 O-O 13. Qd3 Bd7 14. h3 Rac8
15. a5 Be6 16. Ra4 Nd7 17. Rb4 Bxb3 18. cxb3 Nc5 19. Qc4 Qxa5 20. Nd5 b5 21.
Qc1 Rfe8 22. Qa1 Qxa1 23. Rxa1 Bxb2 24. Ra2 Bg7 25. e5 Bxe5 26. f4 Bg7 27. f5
gxf5 28. Rf4 e6 29. Nb4 Nxb3 0-1

[Event "Brasilia Centro Oeste-ch"]
[Site "Brasilia"]
[Date "2015.05.15"]
[Round "3"]
[White "Delgado Ramirez, Neuris"]
[Black "Abrantes, Tiago Garrido"]
[Result "1-0"]
[WhiteElo "2592"]
[BlackElo "2190"]
[PlyCount "51"]
[EventDate "2015.05.15"]
[EventType "swiss"]
[EventRounds "6"]
[EventCountry "BRA"]
[SourceTitle "CBM 166 Extra"]
[Source "ChessBase"]
[SourceDate "2015.06.18"]
[SourceVersion "1"]
[SourceVersionDate "2015.06.18"]
[SourceQuality "1"]

1. e4 c5 2. Nf3 e6 3. d4 cxd4 4. Nxd4 a6 5. Bd3 Qc7 6. O-O Nf6 7. Qe2 d6 8. c4
Be7 9. Nc3 O-O 10. Be3 Nbd7 11. f4 b6 12. b4 Bb7 13. Rac1 Rae8 14. g4 g6 15. g5
Nh5 16. f5 exf5 17. Nxf5 gxf5 18. Nd5 Qc8 19. Qxh5 Ne5 20. Rxf5 Bxd5 21. Rxe5
Be6 22. Rf5 Bd8 23. Rf4 f5 24. exf5 Bxf5 25. Bxf5 Qxf5 26. Rxf5 1-0

[Event "Brasilia Centro Oeste-ch"]
[Site "Brasilia"]
[Date "2015.05.15"]
[Round "4"]
[White "Perdomo, Leandro Daniel"]
[Black "Delgado Ramirez, Neuris"]
[Result "0-1"]
[WhiteElo "2419"]
[BlackElo "2592"]
[PlyCount "76"]
[EventDate "2015.05.15"]
[EventType "swiss"]
[EventRounds "6"]
[EventCountry "BRA"]
[SourceTitle "CBM 166 Extra"]
[Source "ChessBase"]
[SourceDate "2015.06.18"]
[SourceVersion "1"]
[SourceVersionDate "2015.06.18"]
[SourceQuality "1"]

1. d4 Nf6 2. c4 e6 3. Nf3 b6 4. g3 Ba6 5. Nbd2 Bb4 6. Qa4 Qe7 7. a3 Bxd2+ 8.
Bxd2 O-O 9. Bg2 Bb7 10. O-O d6 11. Bc3 Nbd7 12. Rfd1 a5 13. Ne5 Bxg2 14. Nxd7
Nxd7 15. Kxg2 f5 16. Qc6 Nf6 17. b4 a4 18. Qf3 Qd7 19. Qd3 Rae8 20. f3 Qf7 21.
Rf1 Qg6 22. Rad1 h5 23. h4 e5 24. dxe5 dxe5 25. c5 Kh7 26. Qc2 bxc5 27. bxc5 e4
28. Bxf6 f4 29. Kh1 fxg3 30. Rg1 Rxf6 31. Rg2 Rf4 32. Kg1 Rxh4 33. e3 Rh2 34.
Rd5 Qf7 35. Rg5 Rxg2+ 36. Qxg2 exf3 37. Qxg3 Rxe3 38. Qh4 g6 0-1

[Event "Brasilia Centro Oeste-ch"]
[Site "Brasilia"]
[Date "2015.05.15"]
[Round "5"]
[White "Delgado Ramirez, Neuris"]
[Black "Saldano Dayer, Horacio"]
[Result "1/2-1/2"]
[WhiteElo "2592"]
[BlackElo "2444"]
[PlyCount "70"]
[EventDate "2015.05.15"]
[EventType "swiss"]
[EventRounds "6"]
[EventCountry "BRA"]
[SourceTitle "CBM 166 Extra"]
[Source "ChessBase"]
[SourceDate "2015.06.18"]
[SourceVersion "1"]
[SourceVersionDate "2015.06.18"]
[SourceQuality "1"]

1. e4 d5 2. exd5 Qxd5 3. Nc3 Qd6 4. d4 c6 5. Nf3 Bg4 6. Be3 Nf6 7. h3 Bxf3 8.
Qxf3 e6 9. O-O-O Nbd7 10. Bf4 Qb4 11. Bc7 Rc8 12. a3 Qe7 13. Qg3 Nd5 14. Nxd5
cxd5 15. Bd3 a6 16. Ba5 Qd6 17. f4 g6 18. Qe3 Bh6 19. Rhf1 Qc6 20. g4 O-O 21.
h4 Rfe8 22. Kb1 Nb6 23. h5 Nc4 24. Qh3 Bg7 25. Bxc4 Qxc4 26. Bc3 Rc6 27. hxg6
fxg6 28. f5 exf5 29. gxf5 Rf8 30. fxg6 Rxg6 31. Rxf8+ Bxf8 32. Qf5 Bg7 33. Bb4
Qc6 34. Re1 h6 35. Re7 Rf6 1/2-1/2

[Event "Brasilia Centro Oeste-ch"]
[Site "Brasilia"]
[Date "2015.05.15"]
[Round "6"]
[White "Sa, Antonio Villar Marq"]
[Black "Delgado Ramirez, Neuris"]
[Result "0-1"]
[WhiteElo "1941"]
[BlackElo "2592"]
[PlyCount "36"]
[EventDate "2015.05.15"]
[EventType "swiss"]
[EventRounds "6"]
[EventCountry "BRA"]
[SourceTitle "CBM 166 Extra"]
[Source "ChessBase"]
[SourceDate "2015.06.18"]
[SourceVersion "1"]
[SourceVersionDate "2015.06.18"]
[SourceQuality "1"]

1. e4 c5 2. Nf3 g6 3. d4 cxd4 4. Nxd4 Bg7 5. c4 Nc6 6. Nxc6 bxc6 7. Nc3 d6 8.
Be3 Nf6 9. Be2 Rb8 10. Rb1 Qa5 11. O-O O-O 12. f3 Nd7 13. Qd2 Ne5 14. Rfc1 Be6
15. b3 Nxc4 16. Bxc4 Bxc4 17. Nd1 Qxd2 18. Bxd2 Bd3 0-1

[Event "Sao Paulo Hebraica 18th"]
[Site "Sao Paulo"]
[Date "2015.06.05"]
[Round "1"]
[White "Delgado Ramirez, Neuris"]
[Black "Supi, Luis Paulo"]
[Result "1-0"]
[WhiteElo "2593"]
[BlackElo "2424"]
[PlyCount "103"]
[EventDate "2015.06.05"]
[EventType "tourn"]
[EventRounds "9"]
[EventCountry "BRA"]
[EventCategory "8"]
[SourceTitle "CBM 166 Extra"]
[Source "ChessBase"]
[SourceDate "2015.06.18"]
[SourceVersion "1"]
[SourceVersionDate "2015.06.18"]
[SourceQuality "1"]

1. e4 c5 2. Nf3 e6 3. Nc3 a6 4. d4 cxd4 5. Nxd4 Qc7 6. Qd3 Nf6 7. Bg5 b5 8. Be2
Bb7 9. Bxf6 gxf6 10. O-O Nc6 11. Nxc6 Bxc6 12. Rad1 Bc5 13. Bf3 Qe5 14. Rfe1
O-O 15. b3 Bb4 16. Re3 Bc5 17. Ree1 Bb4 18. Re3 Rac8 19. Ne2 Bc5 20. Nd4 Bb7
21. c3 Kh8 22. g3 Rfd8 23. Bg2 Qh5 24. c4 bxc4 25. bxc4 Ba8 26. Ree1 Qe5 27.
Nf3 Qb2 28. Re2 Qa3 29. Qc2 Bc6 30. Nd2 Ba4 31. Nb3 Be7 32. Re3 Qb4 33. Bf1 Bb5
34. Rc1 Bc6 35. Qe2 Rg8 36. c5 a5 37. Rc4 Qb8 38. a4 Qa7 39. Qd2 Ba8 40. Rec3
Rc7 41. Nd4 Rxc5 42. Nb5 Qb6 43. Qxd7 Rxc4 44. Rxc4 Bc5 45. Qxf7 Rf8 46. Qc7
Bxf2+ 47. Kg2 Bg1 48. Qxb6 Bxb6 49. Be2 Rd8 50. Kf1 Bb7 51. Bg4 Bc8 52. Rc6 1-0

[Event "Sao Paulo Hebraica 18th"]
[Site "Sao Paulo"]
[Date "2015.06.06"]
[Round "2"]
[White "Sztokbant, Bernardo Vainzoff"]
[Black "Delgado Ramirez, Neuris"]
[Result "0-1"]
[WhiteElo "2280"]
[BlackElo "2593"]
[PlyCount "112"]
[EventDate "2015.06.05"]
[EventType "tourn"]
[EventRounds "9"]
[EventCountry "BRA"]
[EventCategory "8"]
[SourceTitle "CBM 166 Extra"]
[Source "ChessBase"]
[SourceDate "2015.06.18"]
[SourceVersion "1"]
[SourceVersionDate "2015.06.18"]
[SourceQuality "1"]

1. e4 c5 2. Nf3 d6 3. d4 cxd4 4. Nxd4 Nf6 5. Nc3 Nc6 6. Be2 e5 7. Nb3 Be7 8.
Bg5 O-O 9. Bxf6 Bxf6 10. Nd5 Bg5 11. O-O Be6 12. Qd3 Ne7 13. c4 Nxd5 14. cxd5
Bd7 15. Nd2 b5 16. a3 Qb6 17. Rfc1 f5 18. Rf1 Bxd2 19. Qxd2 fxe4 20. Rac1 Qd4
21. Rcd1 Qxd2 22. Rxd2 Rac8 23. Re1 a6 24. Bf1 Bf5 25. a4 bxa4 26. Bxa6 Rc5 27.
Ra1 Rb8 28. h3 Rb4 29. Kf1 Bg6 30. Ke2 Bf7 31. Ke1 Rxd5 32. Rc1 Rxd2 33. Rc8+
Be8 34. Kxd2 Kf8 35. Kc3 Rb3+ 36. Kc2 Rb6 37. Ra8 Ke7 38. Ra7+ Kf6 39. Bb7 Bc6
40. Bxc6 Rxc6+ 41. Kd2 Rc4 42. Ra6 Rd4+ 43. Kc2 h5 44. h4 g6 45. g3 Rd3 46. Kc1
Rd4 47. Kc2 Ke6 48. Ra8 Rd3 49. Rxa4 Rf3 50. Rxe4 Rxf2+ 51. Kc1 d5 52. Re3 e4
53. b4 Rf3 54. Re2 Rb3 55. Rb2 Rxb2 56. Kxb2 d4 0-1

[Event "Sao Paulo Hebraica 18th"]
[Site "Sao Paulo"]
[Date "2015.06.06"]
[Round "3"]
[White "Delgado Ramirez, Neuris"]
[Black "Quintiliano Pinto, Renato Rodrigues"]
[Result "1/2-1/2"]
[WhiteElo "2593"]
[BlackElo "2422"]
[PlyCount "61"]
[EventDate "2015.06.05"]
[EventType "tourn"]
[EventRounds "9"]
[EventCountry "BRA"]
[EventCategory "8"]
[SourceTitle "CBM 166 Extra"]
[Source "ChessBase"]
[SourceDate "2015.06.18"]
[SourceVersion "1"]
[SourceVersionDate "2015.06.18"]
[SourceQuality "1"]

1. e4 c5 2. Nf3 d6 3. Bb5+ Nd7 4. c3 Ngf6 5. Qe2 a6 6. Ba4 b5 7. Bc2 Bb7 8. O-O
c4 9. b3 Rc8 10. bxc4 bxc4 11. Na3 d5 12. e5 Ne4 13. Rb1 Ba8 14. e6 fxe6 15.
Bxe4 dxe4 16. Nd4 Bd5 17. f3 exf3 18. Nxf3 g6 19. Ng5 e5 20. Nc2 Bh6 21. Ne3
Nf6 22. Ng4 Bxg5 23. Qxe5 O-O 24. Qxg5 Be4 25. Rb4 Nxg4 26. Rxf8+ Qxf8 27. Qxg4
Bd3 28. Qe6+ Kh8 29. Qe5+ Kg8 30. Qe6+ Kh8 31. Qe5+ 1/2-1/2

[Event "Sao Paulo Hebraica 18th"]
[Site "Sao Paulo"]
[Date "2015.06.07"]
[Round "4"]
[White "Delgado Ramirez, Neuris"]
[Black "Mendonca, Mateus Nakajo"]
[Result "1-0"]
[WhiteElo "2593"]
[BlackElo "2422"]
[PlyCount "99"]
[EventDate "2015.06.05"]
[EventType "tourn"]
[EventRounds "9"]
[EventCountry "BRA"]
[EventCategory "8"]
[SourceTitle "CBM 166 Extra"]
[Source "ChessBase"]
[SourceDate "2015.06.18"]
[SourceVersion "1"]
[SourceVersionDate "2015.06.18"]
[SourceQuality "1"]

1. e4 e6 2. d4 d5 3. Nd2 c5 4. exd5 exd5 5. Ngf3 Nc6 6. Bb5 Bd6 7. dxc5 Bxc5 8.
O-O Nge7 9. Nb3 Bd6 10. c3 O-O 11. Be3 Bg4 12. h3 Bh5 13. Bc5 Bxc5 14. Nxc5 Qb6
15. Bxc6 Qxc5 16. Ba4 Nc6 17. Re1 Rad8 18. Qd3 Bxf3 19. Qxf3 Rd6 20. Rad1 Re6
21. Bb3 Rxe1+ 22. Rxe1 d4 23. cxd4 Nxd4 24. Qxb7 Nxb3 25. Qxb3 Rd8 26. Qe3 Qxe3
27. Rxe3 Kf8 28. Ra3 Rd7 29. Kf1 Rb7 30. b3 Ke7 31. Ra6 Kd8 32. h4 h5 33. Ke2
Kc8 34. Ra5 g6 35. Ra6 Rd7 36. Ke3 Kd8 37. g3 Ke7 38. b4 Kf8 39. b5 Kg7 40. a4
Kh6 41. Ke4 Kg7 42. a5 Kh6 43. Ke5 Kg7 44. b6 axb6 45. axb6 Rd2 46. b7 Rb2 47.
Ra7 g5 48. hxg5 Kg6 49. Kd6 Kxg5 50. Ra5+ 1-0